عرض عادي
عرض مارك
- تنافر الأصوات
دخول Topical Term
001 - CONTROL NUMBER
- control field: 30224
003 - CONTROL NUMBER IDENTIFIER
- control field: AE-AdECS
005 - DATE AND TIME OF LATEST TRANSACTION
- control field: 20260609095336.0
008 - FIXED-LENGTH DATA ELEMENTS
- fixed length control field: 260609|| aca||aabn | a|a d
040 ## - CATALOGING SOURCE
- Original cataloging agency: AE-AdECS
- Transcribing agency: AE-AdECS
150 ## - HEADING--TOPICAL TERM
- Topical term or geographic name entry element: تنافر الأصوات
670 ## - SOURCE DATA FOUND
- Source citation: Work cat.: (AE-AdECS)295267: برانسي، ريما أبو جابر مؤلف. 30223, الإرداف الخلفي (الأوكسيمورون) في الشعر العربي ومساهمته في بناء المعنى =
